| 000 | 01506cam a2200361 a 4500 | ||
|---|---|---|---|
| 999 |
_c11084 _d11084 |
||
| 001 | 16538811 | ||
| 003 | OSt | ||
| 005 | 20200104110736.0 | ||
| 008 | 101116s2010 ii b 101 0 eng | ||
| 010 | _a 2010308177 | ||
| 020 | _a9788125038641 | ||
| 025 | _aI-E-2010-308177; 63-91; 79-92; 49-91 | ||
| 037 | _bLibrary of Congress -- New Delhi Overseas Office | ||
| 040 |
_aDLC _coclc _dDLC |
||
| 042 |
_alcode _apcc |
||
| 043 | _aa-ii--- | ||
| 050 | 0 | 0 |
_aHG3971 _b.I513 2010 |
| 082 |
_a338.910954 _bKEL/T |
||
| 111 | 2 |
_aIndependent People's Tribunal on the Impact of the World Bank Group in India _n(1st : _d2007 : _cNew Delhi, India) |
|
| 245 | 0 | 4 |
_aThe World Bank in India : _bundermining sovereignty, distorting development / _cMichele Kelley & Deepika D'Souza. |
| 260 |
_aNew Delhi : _bOrient BlackSwan, _c2010. |
||
| 300 |
_axxvii, 507 p. ; _c25 cm. |
||
| 504 | _aIncludes bibliographical references and index. | ||
| 520 | _aReport of the first national Independent People's Tribunal on the Impact of the World Bank Group in India, held in New Delhi from September 21-24, 2007. | ||
| 610 | 2 | 0 |
_aWorld Bank _zIndia. |
| 650 | 0 |
_aEconomic assistance _zIndia _xEvaluation. |
|
| 651 | 0 |
_aIndia _xEconomic conditions _y1991- |
|
| 700 |
_aKelley, Michele _91034 |
||
| 700 | 1 |
_aD'souza, Deepika _91068 |
|
| 906 |
_a7 _bcbc _corigode _d3 _encip _f20 _gy-gencatlg |
||
| 942 |
_2ddc _cBK _h338.910954 _iKEL/T _k338.910954 _mKEL/T |
||